| 000 | 00770nam a2200229 4500 | ||
|---|---|---|---|
| 001 | 143805 | ||
| 003 | ES-MaACL | ||
| 005 | 20250815073935.0 | ||
| 007 | t| | ||
| 008 | 070214s1978 sp r ||||1| eng d | ||
| 100 | 1 |
_aShen, Ping-Wen. _9106078 |
|
| 245 | 1 | 0 |
_aChinese comunist criminal acts in persecution of religions / _cby Shen Ping-Wen. |
| 260 |
_a[s.l.] : _bAsian Peoples Anti-Communist League, _c1978. |
||
| 300 |
_aXII, 133 p., ; _c19 cm. |
||
| 650 | 7 |
_9153134 _aPersecuciones religiosas _zChina |
|
| 650 | 7 |
_aComunismo _2embne _911211 |
|
| 710 | 2 |
_aAsian People's Anti-Comunist League _91503 |
|
| 852 |
_aES-MaACL _bR.98154 _9149001 _jA-8728 _cDEPO1 |
||
| 942 |
_2udc _cMONOGRAFIA |
||
| 999 |
_c143805 _d143805 |
||